Stacje i przystanki na linii PKM3 - Statystyki

Ogólne statystyki
  • Ten quiz został rozwiązany 8 razy
    6 od ostatniego zresetowania
  • Średni wynik to 15 z 30
Statystyki odpowiedzi
Przystanek % Poprawnych
stacja Poznań Główny
100%
stacja Bolechowo
50%
stacja Czerwonak
50%
p.o. Czerwonak Osiedle
50%
p.o. Grąblewo
50%
stacja Grodzisk Wielkopolski
50%
p.o. Kotowo
50%
p.o. Łopuchowo
50%
p.o. Łopuchowo Osiedle
50%
stacja Luboń koło Poznania
50%
stacja Murowana Goślina
50%
p.o. Owińska
50%
p.o. Poznań Dębiec
50%
p.o. Poznań Garbary
50%
p.o. Poznań Karolin
50%
stacja Poznań Wschód
50%
p.o. Przebędowo
50%
p.o. Przysieczyn
50%
p.o. Roszkowo Wągrowieckie
50%
p.o. Skoki
50%
stacja Sława Wielkopolska
50%
stacja Stęszew
50%
p.o. Strykowo Poznańskie
50%
stacja Szreniawa
50%
p.o. Trzebaw Rosnówko
50%
stacja Wągrowiec
50%
p.o. Wiry
50%
p.o. Zielone Wzgórza
50%
stacja Granowo
0%
p.o. Ptaszkowo Wielkopolskie
0%
Nie znaleziono quizów pasujących do podanych kryteriów
Rozkład punktacji
Procent ludzi z każdym wynikiem
Percentyl według liczby udzielonych odpowiedzi
Twoja historia wyników
Nie rozwiązałeś tego quizu od ostatniego zresetowania